[Event "Erfurt op-A 29th"]
[Site "Erfurt"]
[Date "2019.12.27"]
[Round "2"]
[White "Kolb, Tobias"]
[Black "Schenk, Stefan"]
[Result "1/2-1/2"]
[WhiteElo "2185"]
[BlackElo "2009"]
[PlyCount "138"]
[EventDate "2019.12.26"]
[EventType "swiss"]
[EventRounds "8"]
[EventCountry "GER"]
[SourceTitle "CBM 194 Extra"]
[Source "ChessBase"]
[SourceDate "2020.03.31"]
[SourceVersion "1"]
[SourceVersionDate "2020.03.31"]
[SourceQuality "1"]

1. e4 c5 2. Nc3 Nc6 3. g3 g6 4. Bg2 Bg7 5. d3 e6 6. Be3 Nd4 7. Nce2 Ne7 8. c3 Nxe2 9. Nxe2 d6 10. Qd2 h5 11. d4 c4 12. h3 Qc7 13. 0-0 Bd7 14. b3 Rc8 15. Rab1 b6 16. Rfe1 e5 17. f4 0-0 18. Rbd1 Be6 19. fxe5 d5 20. exd5 Bxd5 21. b4 Bxg2 22. Kxg2 Nf5 23. Bg5 a5 24. bxa5 bxa5 25. Rb1 Rb8 26. Bf4 Qc6+ 27. Kh2 Qd5 28. Ng1 Rb5 29. Qg2 Qxg2+ 30. Kxg2 Rfb8 31. Rxb5 Rxb5 32. Re2 Ne7 33. Nf3 Nd5 34. Rc2 a4 35. Bc1 Kh7 36. Kf2 Bf8 37. Nd2 Nb6 38. Rb2 Rxb2 39. Bxb2 a3 40. Bc1 Kg7 41. Nb1 Nd5 42. Bxa3 Bxa3 43. Nxa3 Nxc3 44. Nxc4 Nxa2 45. Ke3 Nb4 46. Nb6 Kf8 47. d5 Ke7 48. Kd4 Nc2+ 49. Kc5 Ne3 50. Kc6 Kd8 51. Na4 Nc4 52. e6 fxe6 53. dxe6 Ke7 54. Kd5 Ne3+ 55. Ke5 Nf1 56. Nc3 Nxg3 57. Nd5+ Ke8 58. Kf6 Ne4+ 59. Kxg6 h4 60. Nf6+ Nxf6 61. Kxf6 Kf8 62. Kf5 Ke7 63. Ke5 Ke8 64. Kd6 Kd8 65. Kd5 Ke7 66. Ke5 Ke8 67. Kf5 Ke7 68. Kg5 Kxe6 69. Kxh4 Kf7 1/2-1/2

[Event "Erfurt op-A 29th"]
[Site "Erfurt"]
[Date "2019.12.27"]
[Round "3"]
[White "Schenk, Stefan"]
[Black "Cordes, Klaus"]
[Result "0-1"]
[WhiteElo "2009"]
[BlackElo "2118"]
[PlyCount "102"]
[EventDate "2019.12.26"]
[EventType "swiss"]
[EventRounds "8"]
[EventCountry "GER"]
[SourceTitle "CBM 194 Extra"]
[Source "ChessBase"]
[SourceDate "2020.03.31"]
[SourceVersion "1"]
[SourceVersionDate "2020.03.31"]
[SourceQuality "1"]

1. e4 c5 2. c3 Nf6 3. e5 Nd5 4. d4 cxd4 5. Nf3 Nc6 6. cxd4 d6 7. Bc4 Nb6 8. Bb3 dxe5 9. d5 Na5 10. Nc3 Nxb3 11. Qxb3 g6 12. Nxe5 Bg7 13. Qb5+ Nd7 14. Nxd7 Qxd7 15. 0-0 0-0 16. Bf4 Qxb5 17. Nxb5 Bf5 18. Nc3 Rfd8 19. Rfe1 Rd7 20. h3 h5 21. Rac1 Rc8 22. Be5 Bh6 23. Rcd1 f6 24. Bg3 Rc4 25. f3 Bc2 26. Ra1 Kf7 27. Bf2 a6 28. Be3 g5 29. Rac1 Bg6 30. Rcd1 b5 31. a3 Rc8 32. g4 hxg4 33. hxg4 Bc2 34. Rd2 Bb3 35. Kf2 Kg6 36. Bb6 e5 37. d6 Rc6 38. Ba5 Rcxd6 39. Rxd6 Rxd6 40. Ke3 f5 41. Re2 Bc4 42. Rc2 Rd3+ 43. Kf2 fxg4 44. fxg4 Rd4 45. Bc7 Bg7 46. Kf3 Rf4+ 47. Kg3 Be6 48. Ne2 Rxg4+ 49. Kf3 Rc4 50. Rxc4 Bxc4 51. Nc3 Kf5 0-1